Incesticide Album Tracks - Statistics

General Stats
  • This quiz has been taken 9 times
  • The average score is 11 of 15
Answer Stats
Hint Answer % Correct
2 Sliver
100%
13 Aero Zeppelin
83%
15 Aneurysm
83%
4 Been a Son
83%
9 Beeswax
83%
12 Hairspray Queen
83%
5 Turnaround
83%
14 Big Long Now
67%
1 Dive
67%
10 Downer
67%
11 Mexican Seafood
67%
6 Molly's Lips
67%
7 Son of a Gun
67%
3 Stain
67%
8 (New Wave) Polly
33%
No matching quizzes found
Score Distribution
Percent of People with Each Score
Percentile by Number Answered
Your Score History
You have not taken this quiz